[Event "Mittelfranken-chTB2a 1920"]
[Site "Mittelfranken"]
[Date "2020.01.12"]
[Round "4.2"]
[White "Loellmann, Heinrich"]
[Black "Oberfichtner, Herbert"]
[Result "0-1"]
[WhiteElo "1894"]
[BlackElo "1730"]
[PlyCount "90"]
[EventDate "2019.10.13"]
[EventType "team-tourn"]
[EventRounds "9"]
[EventCountry "GER"]
[SourceTitle "EXT 2023"]
[Source "ChessBase"]
[SourceDate "2022.10.05"]
[SourceVersion "1"]
[SourceVersionDate "2022.10.05"]
[SourceQuality "1"]
[WhiteTeam "Bubenreuth"]
[BlackTeam "Dombuehl"]
[WhiteTeamCountry "GER"]
[BlackTeamCountry "GER"]

1. e4 d5 2. exd5 Qxd5 3. Nc3 Qa5 4. d4 Nf6 5. Nf3 c6 6. Be2 Bf5 7. 0-0 e6 8. a3 Bd6 9. Bd2 Qc7 10. b4 Nbd7 11. Re1 0-0 12. h3 Rfe8 13. Bd3 Bxd3 14. cxd3 Rad8 15. Qc2 e5 16. Rac1 Qb8 17. Ne4 Nxe4 18. dxe4 exd4 19. Nxd4 Ne5 20. Be3 Rc8 21. Nf5 Bf8 22. Red1 g6 23. Nh6+ Bxh6 24. Bxh6 Qc7 25. Rd2 Rcd8 26. Rcd1 f6 27. Qb3+ Nf7 28. Rxd8 Rxd8 29. Rxd8+ Qxd8 30. Bf4 Qe7 31. f3 Kg7 32. Qc3 Ne5 33. Be3 a6 34. Bd4 Qd6 35. f4 Nd7 36. g3 b6 37. e5 fxe5 38. fxe5 Qe6 39. Kg2 c5 40. bxc5 bxc5 41. Bxc5 Qd5+ 42. Kh2 Qxc5 43. Qd3 Nxe5 44. Qxa6 Qf2+ 45. Kh1 Nf3 0-1